To Compute numerically: concepts and strategies (Record no. 81332)
[ view plain ]
| 000 -LEADER | |
|---|---|
| fixed length control field | 00892nam a2200205 a 4500 |
| 008 - FIXED-LENGTH DATA ELEMENTS--GENERAL INFORMATION | |
| fixed length control field | 120416s1983 ||||||||||||||||| || u |
| 020 ## - INTERNATIONAL STANDARD BOOK NUMBER | |
| International Standard Book Number | 0316709409 |
| 050 ## - LIBRARY OF CONGRESS CALL NUMBER | |
| Classification number | QA 297 Piz |
| 100 ## - MAIN ENTRY--PERSONAL NAME | |
| Personal name | Wallace, Victor L |
| 245 10 - TITLE STATEMENT | |
| Title | To Compute numerically: concepts and strategies |
| 260 ## - PUBLICATION, DISTRIBUTION, ETC. | |
| Place of publication, distribution, etc. | Boston, Mass.: |
| Name of publisher, distributor, etc. | Little, Brown and Company |
| Date of publication, distribution, etc. | 1983 |
| 300 ## - PHYSICAL DESCRIPTION | |
| Extent | xxiii, 366p.: ill. |
| 350 ## - | |
| -- | 0.00 |
| 490 ## - | |
| -- | Little, Brown computer systems series |
| 500 ## - GENERAL NOTE | |
| General note | Includes bibliographies and index. |
| 650 ## - SUBJECT ADDED ENTRY--TOPICAL TERM | |
| Topical term or geographic name entry element | NUMERICAL ANALYSIS--DATA PROCESSING |
| 700 ## - ADDED ENTRY--PERSONAL NAME | |
| Personal name | Pizer, Stephen M |
| 995 ## - | |
| -- | ANNEX COLLECTION (Main Library) |
| -- | 0.00 |
| -- | 719179 |
| -- | CBU-MAIN LIBRARY (Kitwe) |
| -- | 1 |
| -- | 27.00 |
| -- | QA 297 Piz |
| -- | 1 |
| -- | AVAILABLE |
| -- | 011478 |
| -- | Annex Low-Usage Collection |
| 995 ## - | |
| -- | ANNEX COLLECTION (Main Library) |
| -- | 0.00 |
| -- | 712616 |
| -- | CBU-MAIN LIBRARY (Kitwe) |
| -- | 2 |
| -- | 27.00 |
| -- | QA 297 Piz |
| -- | 2 |
| -- | AVAILABLE |
| -- | 011479 |
| -- | Annex Low-Usage Collection |
| 999 ## - | |
| -- | 81332 |
| -- | 81332 |
| Withdrawn status | Lost status | Source of classification or shelving scheme | Damaged status | Not for loan | Permanent Location | Current Location | Shelving location | Date acquired | Total Checkouts | Full call number | Barcode | Date last seen | Copy number | Price effective from | Koha item type |
|---|---|---|---|---|---|---|---|---|---|---|---|---|---|---|---|
| CBU-MAIN LIBRARY, KITWE. | CBU-MAIN LIBRARY, KITWE. | 08/18/2023 | QA 297 Piz | 011478 | 08/18/2023 | 1 | 08/18/2023 | MONOGRAPH | |||||||
| CBU-MAIN LIBRARY, KITWE. | CBU-MAIN LIBRARY, KITWE. | 08/18/2023 | QA 297 Piz | 011479 | 08/18/2023 | 2 | 08/18/2023 | MONOGRAPH |